[Event "FIDE Women’s World Rapid Championships 2024"]
[White "Lee, Alice"]
[Black "Yu, Jennifer"]
[Site "New York, USA"]
[Round "2"]
[Board "5"]
[Result "1-0"]
[Date "2024.12.26"]
[WhiteElo "2415"]
[BlackElo "2296"]
[PlyCount "89"]
[GameId "2127263830286729"]
[EventDate "2024.12.26"]
[EventType "rapid"]
[EventRounds "11"]
[EventCountry "FID"]

1. d4 d5 2. c4 e6 3. Nf3 Nf6 4. g3 Bb4+ 5. Bd2 Be7 6. Bg2 O-O 7. O-O Nbd7 8. b4 dxc4 9. Qc1 Nb6 10. a4 Ne4 11. Be1 c6 12. a5 Nd5 13. Qxc4 Nd6 14. Qb3 Nb5 15. Na3 Ndc7 16. Nxb5 Nxb5 17. e3 Bf6 18. Rc1 a6 19. Ne5 Qe7 20. f4 Bd7 21. Bf2 Rad8 22. g4 h6 23. Nf3 g6 24. h4 Bg7 25. e4 f5 26. exf5 gxf5 27. g5 Be8 28. Rfe1 Bf7 29. Ne5 Nxd4 30. Qc4 Nb5 31. g6 Be8 32. Nxc6 Bxc6 33. Rxe6 Na3 34. Qb3 Ba4 35. Qa2 Rd2 36. Rxe7+ Rxa2 37. Bd5+ Kh8 38. Bxa2 Bc6 39. h5 Rd8 40. Rce1 Nb5 41. Rxg7 Kxg7 42. Re7+ Kf8 43. Rf7+ Ke8 44. g7 Rd1+ 45. Kh2 1-0

[Event "FIDE Women’s World Rapid Championships 2024"]
[White "Garcia Martin, Marta"]
[Black "Muzychuk, Anna"]
[Site "New York, USA"]
[Round "2"]
[Board "6"]
[Result "0-1"]
[Date "2024.12.26"]
[WhiteElo "2291"]
[BlackElo "2408"]
[PlyCount "54"]
[GameId "2127263830286730"]
[EventDate "2024.12.26"]
[EventType "rapid"]
[EventRounds "11"]
[EventCountry "FID"]

1. e4 e5 2. Nf3 Nc6 3. Bc4 Bc5 4. d3 Nf6 5. Nc3 h6 6. h3 a6 7. Be3 Bxe3 8. fxe3 d6 9. d4 O-O 10. O-O b5 11. Bd3 Bb7 12. Qe1 Ne7 13. Rd1 Qb8 14. Nh4 b4 15. Nd5 Nfxd5 16. exd5 Bxd5 17. dxe5 dxe5 18. Qg3 e4 19. Be2 c6 20. Qf2 Qe5 21. Rd4 c5 22. Rd2 Be6 23. Bg4 f5 24. Bh5 Rf6 25. Qf4 Qxf4 26. exf4 g5 27. fxg5 hxg5 0-1

[Event "FIDE Women’s World Rapid Championships 2024"]
[White "Yip, Carissa"]
[Black "Kiolbasa, Oliwia"]
[Site "New York, USA"]
[Round "2"]
[Board "8"]
[Result "1-0"]
[Date "2024.12.26"]
[WhiteElo "2389"]
[BlackElo "2291"]
[PlyCount "61"]
[GameId "2127263830290828"]
[EventDate "2024.12.26"]
[EventType "rapid"]
[EventRounds "11"]
[EventCountry "FID"]

1. e4 e5 2. d4 exd4 3. Qxd4 Nc6 4. Qc4 Nf6 5. Nc3 d5 6. exd5 Nb4 7. Qe2+ Qe7 8. Be3 Nfxd5 9. Nxd5 Nxd5 10. Bd4 Qxe2+ 11. Bxe2 Nb4 12. O-O-O Nxa2+ 13. Kb1 Nb4 14. Nf3 Bf5 15. Bb5+ c6 16. Rhe1+ Be6 17. Bc4 O-O-O 18. Bxe6+ fxe6 19. Ng5 Rd7 20. Nxe6 b6 21. Be5 Rg8 22. f4 a5 23. f5 b5 24. g4 Nd5 25. g5 a4 26. f6 gxf6 27. gxf6 a3 28. Rg1 Rxg1 29. Rxg1 Bb4 30. c3 Ba5 31. Rg8+ 1-0

[Event "FIDE Women’s World Rapid Championships 2024"]
[White "Mammadova, Gulnar"]
[Black "Gunina, Valentina"]
[Site "New York, USA"]
[Round "2"]
[Board "9"]
[Result "0-1"]
[Date "2024.12.26"]
[WhiteElo "2289"]
[BlackElo "2388"]
[PlyCount "118"]
[GameId "2127263830290829"]
[EventDate "2024.12.26"]
[EventType "rapid"]
[EventRounds "11"]
[EventCountry "FID"]

1. e4 c5 2. Nf3 Nc6 3. Bb5 e6 4. Bxc6 bxc6 5. d3 d6 6. e5 f6 7. exd6 Bxd6 8. Nbd2 Ne7 9. Nc4 Nf5 10. b3 e5 11. Nxd6+ Qxd6 12. Bb2 Be6 13. Nd2 Bd5 14. Ne4 Qc7 15. Qh5+ g6 16. Nxf6+ Kf7 17. Nxd5 Qa5+ 18. Bc3 gxh5 19. Bxa5 cxd5 20. O-O-O Rhg8 21. g3 Nd4 22. Rde1 Rg5 23. Bd2 Rf5 24. f4 Re8 25. fxe5 Nf3 26. Ref1 Kg6 27. Bf4 Nd4 28. c3 Nc6 29. Re1 d4 30. Kc2 h4 31. Re4 Kf7 32. gxh4 Ke6 33. Bg3 Rd8 34. a3 Rf3 35. Rf4 Rxf4 36. Bxf4 Rf8 37. Bg3 Ne7 38. Re1 Rf3 39. Re4 Nf5 40. b4 c4 41. cxd4 Rxd3 42. Bf2 Rf3 43. Re2 Rxa3 44. Kd1 Ne7 45. Be3 Nd5 46. Bc1 Ra1 47. Rf2 c3 48. Rf3 Ra2 49. h5 Rxh2 50. h6 c2+ 51. Ke1 Nxb4 52. Ba3 Nd5 53. Rd3 Rxh6 54. Kd2 Rh2+ 55. Kc1 Nf4 56. Rd2 Rxd2 57. Kxd2 Kd5 58. Bc5 c1=Q+ 59. Kxc1 Nd3+ 0-1

[Event "FIDE Women’s World Rapid Championships 2024"]
[White "Kashlinskaya, Alina"]
[Black "Balajayeva, Khanim"]
[Site "New York, USA"]
[Round "2"]
[Board "10"]
[Result "1/2-1/2"]
[Date "2024.12.26"]
[WhiteElo "2378"]
[BlackElo "2242"]
[PlyCount "96"]
[GameId "2127263830290830"]
[EventDate "2024.12.26"]
[EventType "rapid"]
[EventRounds "11"]
[EventCountry "FID"]

1. d4 Nf6 2. c4 e6 3. Nc3 Bb4 4. e3 O-O 5. Bd3 d5 6. a3 Bxc3+ 7. bxc3 dxc4 8. Bxc4 c5 9. Ne2 Qc7 10. Bd3 Nc6 11. f4 b6 12. O-O Ne7 13. e4 Bb7 14. Ng3 cxd4 15. cxd4 Qc3 16. Ra2 Qxd4+ 17. Kh1 Rfd8 18. Rd2 Qc5 19. Bb2 Ne8 20. Qe2 Qa5 21. Rc2 Rxd3 22. Qxd3 Ba6 23. Qf3 Bxf1 24. Nxf1 Rd8 25. h3 Qb5 26. Kh2 Qd3 27. Qxd3 Rxd3 28. Ng3 Kf8 29. f5 exf5 30. exf5 Rd5 31. a4 f6 32. Ba3 Kf7 33. Re2 Nd6 34. Rc2 Nexf5 35. Rc7+ Ke6 36. Bxd6 Kxd6 37. Rxa7 Nxg3 38. Kxg3 Rg5+ 39. Kf3 h5 40. g4 hxg4+ 41. hxg4 Kc6 42. Rf7 Kc5 43. Rb7 f5 44. gxf5 Rxf5+ 45. Ke4 Rg5 46. Ra7 Kb4 47. Ra6 Rg1 48. Rxb6+ Kxa4 1/2-1/2

[Event "FIDE Women’s World Rapid Championships 2024"]
[White "Toncheva, Nadya"]
[Black "Kamalidenova, Meruert"]
[Site "New York, USA"]
[Round "2"]
[Board "11"]
[Result "0-1"]
[Date "2024.12.26"]
[WhiteElo "2283"]
[BlackElo "2368"]
[PlyCount "82"]
[GameId "2127263830290831"]
[EventDate "2024.12.26"]
[EventType "rapid"]
[EventRounds "11"]
[EventCountry "FID"]

1. e4 c5 2. Nf3 d6 3. c3 Nf6 4. Be2 g6 5. O-O Bg7 6. Re1 O-O 7. Bf1 Nc6 8. h3 e5 9. Na3 a6 10. Nc2 b5 11. d4 cxd4 12. cxd4 exd4 13. Ncxd4 Bb7 14. a4 bxa4 15. Rxa4 Ne5 16. Nc2 Nxf3+ 17. Qxf3 Nd7 18. b4 Qc7 19. Qb3 Rfe8 20. f3 d5 21. Bb2 Qb6+ 22. Kh1 Nc5 23. Qa2 Nxa4 24. Bxg7 Kxg7 25. Qxa4 dxe4 26. fxe4 Bxe4 27. Ne3 Bb7 28. Nf5+ Kf8 29. Qa1 f6 30. Nh6 Kg7 31. Ng4 h5 32. Nh2 Rad8 33. Rxe8 Rxe8 34. Qd1 Qxb4 35. Qd7+ Qe7 36. Qd4 a5 37. Bb5 Rd8 38. Qc3 Rd1+ 39. Nf1 a4 40. Qc2 Qe4 41. Qf2 a3 0-1

[Event "FIDE Women’s World Rapid Championships 2024"]
[White "Shuvalova, Polina"]
[Black "Heinemann, Josefine"]
[Site "New York, USA"]
[Round "2"]
[Board "12"]
[Result "1-0"]
[Date "2024.12.26"]
[WhiteElo "2355"]
[BlackElo "2218"]
[PlyCount "79"]
[GameId "2127263830290832"]
[EventDate "2024.12.26"]
[EventType "rapid"]
[EventRounds "11"]
[EventCountry "FID"]

1. e4 e5 2. Nf3 Nc6 3. Nc3 Nf6 4. Bb5 Bb4 5. O-O O-O 6. d3 Bxc3 7. bxc3 d6 8. Re1 Ne7 9. d4 Ng6 10. dxe5 Nxe5 11. Nxe5 dxe5 12. Ba3 Bg4 13. Qc1 c6 14. Bxf8 Qxf8 15. Bd3 Qc5 16. Rb1 b6 17. Qb2 Qe7 18. Qb4 c5 19. Qa4 Bd7 20. Bb5 Be6 21. Rbd1 Nh5 22. Bd7 Nf4 23. Bxe6 fxe6 24. Qb5 Rf8 25. Re3 Qh4 26. Qf1 h6 27. Kh1 Qh5 28. Rd7 Ng6 29. Qe2 Qg5 30. Rg3 Qf6 31. Qg4 Kh7 32. h3 a6 33. Rf3 Nf4 34. Rg3 Rg8 35. Kh2 b5 36. Ra7 h5 37. Qg5 Qxg5 38. Rxg5 Kh6 39. Rxe5 Rd8 40. g3 1-0

[Event "FIDE Women’s World Rapid Championships 2024"]
[White "Pourkashiyan, Atousa"]
[Black "Sukandar, Irine Kharisma"]
[Site "New York, USA"]
[Round "2"]
[Board "13"]
[Result "0-1"]
[Date "2024.12.26"]
[WhiteElo "2277"]
[BlackElo "2354"]
[PlyCount "100"]
[GameId "2127263830290833"]
[EventDate "2024.12.26"]
[EventType "rapid"]
[EventRounds "11"]
[EventCountry "FID"]

1. e4 e5 2. Nf3 Nc6 3. Bb5 a6 4. Ba4 Nf6 5. O-O Be7 6. Re1 b5 7. Bb3 O-O 8. h3 d6 9. c3 a5 10. a4 b4 11. d4 bxc3 12. bxc3 exd4 13. cxd4 d5 14. e5 Ne4 15. Nbd2 Bf5 16. Ba3 Bxa3 17. Rxa3 Rb8 18. Bc2 Qe7 19. Rae3 Nxd2 20. Bxf5 Nxf3+ 21. Rxf3 g6 22. Bc2 Rb4 23. Rf4 Nd8 24. h4 Ne6 25. Rg4 h5 26. Rg3 Qxh4 27. Qf3 Rxd4 28. Rd1 Rxd1+ 29. Qxd1 c6 30. Qd2 Qf4 31. Qe1 Rb8 32. Rf3 Qb4 33. Qd1 Qd4 34. Qc1 Qxe5 35. Bd3 c5 36. Re3 Qf6 37. Qe1 Rb4 38. Bb5 Kg7 39. Bd7 Nd4 40. Re8 Nc2 41. Qd1 Qa1 42. Qxa1+ Nxa1 43. Rc8 Nb3 44. Rc7 Kh6 45. Bc6 d4 46. Rxf7 d3 47. Bf3 Nd4 48. Rd7 d2 49. Kh2 Nxf3+ 50. gxf3 Rd4 0-1

[Event "FIDE Women’s World Rapid Championships 2024"]
[White "Vantika, Agrawal"]
[Black "Uuriintuya, Uurtsaikh"]
[Site "New York, USA"]
[Round "2"]
[Board "14"]
[Result "1/2-1/2"]
[Date "2024.12.26"]
[WhiteElo "2352"]
[BlackElo "2188"]
[PlyCount "144"]
[GameId "2127263830290834"]
[EventDate "2024.12.26"]
[EventType "rapid"]
[EventRounds "11"]
[EventCountry "FID"]

1. d4 Nf6 2. c4 g6 3. Nc3 Bg7 4. e4 d6 5. Be2 O-O 6. Nf3 e5 7. O-O Na6 8. Be3 Ng4 9. Bg5 Qe8 10. h3 h6 11. Bc1 Nf6 12. dxe5 dxe5 13. Be3 Qe7 14. Qc1 Kh7 15. Nd5 Qe6 16. Qc2 c6 17. Nxf6+ Qxf6 18. c5 Nc7 19. Rfd1 Ne6 20. Rd6 Re8 21. g3 Bf8 22. Rd2 a5 23. a4 Qe7 24. Nxe5 Ng5 25. f4 Nxh3+ 26. Kg2 f6 27. Nc4 Qxe4+ 28. Qxe4 Re7 29. Qe5 Rxe5 30. Bd3 Re8 31. f5 Ng5 32. Bxg5 hxg5 33. fxg6+ Kg8 34. Nb6 Rb8 35. Nxc8 Rbxc8 36. Bc4+ Kg7 37. Rd7+ Re7 38. Rxe7+ Bxe7 39. Bd3 Rd8 40. Bf5 Rd2+ 41. Kf3 Bxc5 42. Rh1 Rf2+ 43. Kg4 Re2 44. Rh7+ Kg8 45. Bd3 Re7 46. Bc4+ Kf8 47. Bf7 Re2 48. b3 Bd4 49. Bc4 Re7 50. Rh8+ Kg7 51. Rg8+ Kh6 52. Bf7 Re5 53. Rh8+ Kg7 54. Rh7+ Kf8 55. Bc4 Re7 56. Rh8+ Kg7 57. Rg8+ Kh6 58. Bd3 b5 59. axb5 cxb5 60. Rh8+ Kg7 61. Rh7+ Kf8 62. Rh1 Kg7 63. Rh7+ Kf8 64. Rxe7 Kxe7 65. Bxb5 Kf8 66. Kf5 Kg7 67. g4 Bc3 68. Bd3 Bb4 69. Ke6 Bc3 70. Bf5 Bb4 71. Kd5 Bc3 72. Kc4 Bb4 1/2-1/2

[Event "FIDE Women’s World Rapid Championships 2024"]
[White "Kairbekova, Amina"]
[Black "Song, Yuxin"]
[Site "New York, USA"]
[Round "2"]
[Board "15"]
[Result "0-1"]
[Date "2024.12.26"]
[WhiteElo "2256"]
[BlackElo "2347"]
[PlyCount "78"]
[GameId "2127263830294931"]
[EventDate "2024.12.26"]
[EventType "rapid"]
[EventRounds "11"]
[EventCountry "FID"]

1. e4 c5 2. Nc3 d6 3. Nge2 Nf6 4. d4 cxd4 5. Nxd4 a6 6. h3 e6 7. g4 Nfd7 8. g5 b5 9. Bg2 Bb7 10. Be3 Be7 11. h4 Nc6 12. Nxc6 Bxc6 13. Qd4 Ne5 14. f4 Nc4 15. Qxg7 Nxe3 16. Qxh8+ Kd7 17. Qxd8+ Bxd8 18. Bf3 Nxc2+ 19. Kd2 Nxa1 20. Rxa1 Bb6 21. Ne2 Rh8 22. h5 Rg8 23. Rf1 Ke8 24. h6 e5 25. Bh5 exf4 26. Rxf4 Rxg5 27. Bxf7+ Ke7 28. b4 Bxe4 29. Nc3 Bc6 30. Bb3 d5 31. Rf1 Rg2+ 32. Kd3 Rg3+ 33. Kc2 Rg5 34. Kd3 Re5 35. Rf4 Be3 36. Rg4 Bg5 37. Rg3 Kd6 38. Rh3 Bd7 39. Rh2 Bf5+ 0-1

[Event "FIDE Women’s World Rapid Championships 2024"]
[White "Garifullina, Leya"]
[Black "Kurmangaliyeva, Liya"]
[Site "New York, USA"]
[Round "2"]
[Board "16"]
[Result "1-0"]
[Date "2024.12.26"]
[WhiteElo "2336"]
[BlackElo "2128"]
[PlyCount "89"]
[GameId "2127263830294932"]
[EventDate "2024.12.26"]
[EventType "rapid"]
[EventRounds "11"]
[EventCountry "FID"]

1. e4 c5 2. Nf3 Nc6 3. d4 cxd4 4. Nxd4 e5 5. Nb5 d6 6. c4 g6 7. Be2 Be6 8. Be3 a6 9. N5c3 Bg7 10. Nd5 Bxd5 11. cxd5 Nd4 12. Bd3 Nf6 13. O-O O-O 14. Nd2 Rc8 15. a3 Nd7 16. b4 Rc3 17. Nc4 Qc7 18. Rc1 Rxc1 19. Qxc1 f5 20. Na5 Qb6 21. exf5 gxf5 22. Nc4 Qc7 23. Bxd4 exd4 24. Qg5 b5 25. Na5 Qd8 26. Qxd8 Rxd8 27. Nc6 Re8 28. Bxf5 Nb6 29. Be6+ Kf8 30. Rd1 Na4 31. Rd3 Bf6 32. Nxd4 Kg7 33. Nf5+ Kf8 34. Nxd6 Rd8 35. Ne4 Be5 36. Rf3+ Ke8 37. Rf5 Bd4 38. g3 Nc3 39. Nxc3 Bxc3 40. Rf7 Bb2 41. Rf3 h6 42. Kf1 Rd6 43. Ke2 a5 44. bxa5 Ra6 45. Rb3 1-0

[Event "FIDE Women’s World Rapid Championships 2024"]
[White "Zhukova, Natalia"]
[Black "Batsiashvili, Nino"]
[Site "New York, USA"]
[Round "2"]
[Board "17"]
[Result "1/2-1/2"]
[Date "2024.12.26"]
[WhiteElo "2242"]
[BlackElo "2333"]
[PlyCount "112"]
[GameId "2127263830294933"]
[EventDate "2024.12.26"]
[EventType "rapid"]
[EventRounds "11"]
[EventCountry "FID"]

1. c4 e6 2. Nc3 Nf6 3. e4 d5 4. cxd5 exd5 5. e5 Ne4 6. Nf3 Bf5 7. d3 Nxc3 8. bxc3 c5 9. d4 Nc6 10. Bd3 Bxd3 11. Qxd3 cxd4 12. cxd4 Bb4+ 13. Bd2 Bxd2+ 14. Nxd2 Qh4 15. Nb3 O-O 16. O-O Rac8 17. f4 Rfd8 18. a3 Ne7 19. Nc5 b6 20. Nb7 Rd7 21. Nd6 Rcd8 22. Rac1 Ng6 23. Qf3 h5 24. h3 Rxd6 25. exd6 Rxd6 26. Rc8+ Nf8 27. Re8 g6 28. Kh2 Qf6 29. f5 Kg7 30. Re5 h4 31. Rxd5 g5 32. Kh1 Rc6 33. a4 Rc4 34. a5 bxa5 35. Qe4 a4 36. Qe5 a3 37. Rd6 Qxe5 38. dxe5 a2 39. Ra6 Re4 40. e6 fxe6 41. Rxa7+ Kf6 42. fxe6+ Kxe6 43. Rxa2 Nd7 44. Ra6+ Ke7 45. Rf5 g4 46. hxg4 Rxg4 47. Kh2 Re4 48. Rg5 Nf6 49. Rg7+ Kf8 50. Rg5 Ng4+ 51. Kh3 Nf2+ 52. Kh2 Ng4+ 53. Rxg4 Rxg4 54. Ra7 Kg8 55. Kh3 Rg3+ 56. Kxh4 Rxg2 1/2-1/2

[Event "FIDE Women’s World Rapid Championships 2024"]
[White "Munkhzul, Turmunkh"]
[Black "Sultanbek, Zeinep"]
[Site "New York, USA"]
[Round "2"]
[Board "18"]
[Result "1/2-1/2"]
[Date "2024.12.26"]
[WhiteElo "2333"]
[BlackElo "2001"]
[PlyCount "83"]
[GameId "2127263830294934"]
[EventDate "2024.12.26"]
[EventType "rapid"]
[EventRounds "11"]
[EventCountry "FID"]

1. e4 c5 2. d4 cxd4 3. Qxd4 Nc6 4. Qd3 g6 5. Nf3 Bg7 6. Be2 Nf6 7. Nc3 O-O 8. O-O d6 9. h3 a6 10. a4 Nd7 11. Be3 Nc5 12. Bxc5 dxc5 13. Qc4 Qa5 14. Nd5 Be6 15. c3 Rfd8 16. Rfd1 Bxd5 17. exd5 Ne5 18. Nxe5 Bxe5 19. f4 Bf6 20. Bf3 Rab8 21. Kh1 Qc7 22. Qe4 Qd6 23. Re1 Kg7 24. g4 Bh4 25. Rf1 Re8 26. c4 Bf6 27. Rae1 Bxb2 28. f5 Bf6 29. Rg1 g5 30. Be2 Qe5 31. Qxe5 Bxe5 32. Bd3 Bd6 33. Rg2 Rh8 34. Be2 b6 35. Rb1 a5 36. Bf3 Bc7 37. Re2 Kf6 38. Kg2 h6 39. Reb2 Ke5 40. Re1+ Kf6 41. Reb1 Ke5 42. Re1+ 1/2-1/2

[Event "FIDE Women’s World Rapid Championships 2024"]
[White "Fataliyeva, Ulviyya"]
[Black "Zhu, Chen"]
[Site "New York, USA"]
[Round "2"]
[Board "19"]
[Result "1-0"]
[Date "2024.12.26"]
[WhiteElo "2237"]
[BlackElo "2330"]
[PlyCount "91"]
[GameId "2127263830294935"]
[EventDate "2024.12.26"]
[EventType "rapid"]
[EventRounds "11"]
[EventCountry "FID"]

1. d4 d6 2. e4 Nf6 3. Nc3 e5 4. Nf3 Nbd7 5. Bc4 Be7 6. O-O O-O 7. a4 c6 8. Ba2 h6 9. h3 Re8 10. dxe5 Nxe5 11. Nd4 Bf8 12. f4 Ned7 13. Re1 a5 14. Kh1 Qb6 15. Rb1 Qb4 16. Bb3 Nc5 17. e5 Nxb3 18. Nxb3 dxe5 19. fxe5 Nh7 20. Re4 Qe7 21. Nd4 Be6 22. Qf3 Rad8 23. Nxe6 Qxe6 24. Be3 Bb4 25. Rf1 Bxc3 26. bxc3 Rd7 27. Rg4 Kh8 28. h4 Nf8 29. Qg3 Qxe5 30. Qxe5 Rxe5 31. Bd4 Re8 32. Bxg7+ Kh7 33. h5 Ne6 34. Bf6 Rg8 35. Rxg8 Kxg8 36. Rf5 Rd5 37. Rxd5 cxd5 38. Kg1 Nc5 39. Bd8 Nxa4 40. Bxa5 Nc5 41. Kf2 f5 42. Kf3 Ne6 43. Bb6 Kg7 44. g4 Kf6 45. Be3 Ng5+ 46. Kf4 1-0

[Event "FIDE Women’s World Rapid Championships 2024"]
[White "Mammadzada, Gunay"]
[Black "Castillo Beitia, Ashley Alexandra"]
[Site "New York, USA"]
[Round "2"]
[Board "20"]
[Result "1-0"]
[Date "2024.12.26"]
[WhiteElo "2319"]
[BlackElo "1927"]
[PlyCount "85"]
[GameId "2127263830294936"]
[EventDate "2024.12.26"]
[EventType "rapid"]
[EventRounds "11"]
[EventCountry "FID"]

1. e4 c5 2. Nf3 d6 3. d4 cxd4 4. Nxd4 Nf6 5. Nc3 g6 6. Be3 Nc6 7. Be2 Bg7 8. O-O O-O 9. h3 Bd7 10. Nb3 a6 11. a4 Na5 12. Nd2 Rc8 13. f4 Be6 14. Bf2 Nd7 15. Bd3 Nc5 16. Qe2 Nxd3 17. cxd3 d5 18. e5 d4 19. Nce4 Rc2 20. Qd1 Rxb2 21. Qc1 Rb6 22. Rb1 Rc6 23. Qa3 f6 24. Nf3 fxe5 25. fxe5 h6 26. Bg3 Bf5 27. Nfd2 Qd5 28. Qxe7 Re6 29. Qb4 Nc6 30. Qxb7 Bxe5 31. Bxe5 Qxe5 32. Rb6 Nd8 33. Qxa6 Bxe4 34. Rxf8+ Kxf8 35. Nxe4 Rxb6 36. Qxb6 Nf7 37. a5 Qf4 38. Qc5+ Kg8 39. a6 Ng5 40. Qd5+ Kf8 41. Qd6+ Qxd6 42. Nxd6 Ne6 43. Nb5 1-0

[Event "FIDE Women’s World Rapid Championships 2024"]
[White "Wu, Rochelle"]
[Black "Tokhirjonova, Gulrukhbegim"]
[Site "New York, USA"]
[Round "2"]
[Board "21"]
[Result "0-1"]
[Date "2024.12.26"]
[WhiteElo "2217"]
[BlackElo "2307"]
[PlyCount "106"]
[GameId "2127263830299033"]
[EventDate "2024.12.26"]
[EventType "rapid"]
[EventRounds "11"]
[EventCountry "FID"]

1. d4 Nf6 2. c4 e6 3. Nc3 Bb4 4. e3 O-O 5. Bd3 d5 6. Nf3 c5 7. cxd5 exd5 8. O-O Nc6 9. h3 Re8 10. dxc5 Bxc5 11. a3 Be6 12. b4 Bd6 13. Bb2 a5 14. b5 Ne5 15. Nd4 Rc8 16. Nxe6 fxe6 17. Re1 Bb8 18. f4 Nc4 19. Bxc4 Rxc4 20. Qd3 Qb6 21. Kh1 Rec8 22. Rad1 Qc7 23. Ne2 Ne4 24. Kg1 Qf7 25. Rf1 Ba7 26. Kh2 Rc2 27. Rc1 Rxc1 28. Rxc1 Rxc1 29. Bxc1 Qc7 30. Bb2 Qc4 31. Qxc4 dxc4 32. Bd4 Bxd4 33. Nxd4 c3 34. Kg1 Nd6 35. a4 Nc4 36. Kf2 Nb2 37. Ke2 Kf7 38. Nb3 b6 39. Nxa5 bxa5 40. b6 c2 41. b7 c1=Q 42. b8=Q Qc4+ 43. Kf3 Qc6+ 44. Kg3 Nxa4 45. Qa7+ Kg6 46. Qxa5 Nc5 47. Kh2 h6 48. Qd8 Ne4 49. Qh4 Qd5 50. Qe7 Nf6 51. Kh1 Qe4 52. Kh2 Nd5 53. Qe8+ Kh7 0-1

[Event "FIDE Women’s World Rapid Championships 2024"]
[White "Sliwicka, Alicja"]
[Black "Assaubayeva, Bibisara"]
[Site "New York, USA"]
[Round "2"]
[Board "22"]
[Result "1/2-1/2"]
[Date "2024.12.26"]
[WhiteElo "2206"]
[BlackElo "2444"]
[PlyCount "61"]
[GameId "2127263830299034"]
[EventDate "2024.12.26"]
[EventType "rapid"]
[EventRounds "11"]
[EventCountry "FID"]

1. e4 c5 2. Nf3 d6 3. d4 cxd4 4. Nxd4 Nf6 5. Nc3 a6 6. Bd3 g6 7. f3 Nc6 8. Be3 Nxd4 9. Bxd4 e5 10. Be3 Be6 11. Qd2 d5 12. exd5 Nxd5 13. Nxd5 Qxd5 14. O-O f5 15. Rad1 Qc6 16. Rfe1 Bg7 17. Bh6 Bf6 18. Bg5 Qc5+ 19. Kh1 Bg7 20. Bh6 Bf6 21. Re2 Kf7 22. Bg5 Bg7 23. Bh6 Rhe8 24. Bxg7 Kxg7 25. Rde1 Bf7 26. Qg5 h6 27. Qg3 Kf6 28. Qh4+ Kg7 29. Qg3 Kf6 30. Qh4+ Kg7 31. Qg3 1/2-1/2

[Event "FIDE Women’s World Rapid Championships 2024"]
[White "Zhu, Jiner"]
[Black "Nurman, Alua"]
[Site "New York, USA"]
[Round "2"]
[Board "23"]
[Result "1-0"]
[Date "2024.12.26"]
[WhiteElo "2449"]
[BlackElo "2260"]
[PlyCount "201"]
[GameId "2127263830299035"]
[EventDate "2024.12.26"]
[EventType "rapid"]
[EventRounds "11"]
[EventCountry "FID"]

1. e4 c5 2. Nf3 d6 3. d4 cxd4 4. Nxd4 Nf6 5. Nc3 a6 6. Be3 Ng4 7. Bg5 h6 8. Bh4 g5 9. Bg3 Bg7 10. h3 Nf6 11. Bc4 Qb6 12. Nb3 Nc6 13. Qe2 Qc7 14. O-O b5 15. Bd3 e5 16. a4 b4 17. Nd1 O-O 18. Ne3 Ne7 19. Rfd1 a5 20. Nd2 Be6 21. Rac1 Ng6 22. Bc4 Nf4 23. Bxf4 exf4 24. Nf5 f3 25. gxf3 Bxf5 26. exf5 Rfe8 27. Ne4 Nh5 28. Bb5 Red8 29. Qc4 Qe7 30. Qd5 Nf4 31. f6 Bxf6 32. Qf5 Be5 33. Re1 Qe6 34. Qxe6 fxe6 35. c3 bxc3 36. Nxc3 Nxh3+ 37. Kf1 Nf4 38. b3 Rac8 39. Ne4 Kg7 40. Ba6 Rxc1 41. Rxc1 d5 42. Nc5 Ra8 43. Bb5 Bb2 44. Rc2 Bd4 45. Nb7 Kf6 46. Nd6 h5 47. Rc7 h4 48. Ne8+ Ke5 49. Rg7 Kf5 50. Rg8 Ra7 51. Nd6+ Ke5 52. Ne8 Kf5 53. Nd6+ Ke5 54. Ne8 Kf5 55. Nd6+ Kf6 56. Ne8+ Ke7 57. Rxg5 h3 58. Rg4 e5 59. Rh4 Kf7 60. Rh8 Kg6 61. Rg8+ Kf7 62. Rh8 Kg6 63. Rg8+ Kf7 64. Rh8 Kg6 65. Kg1 e4 66. Rh4 Rf7 67. Rg4+ Kh5 68. Nd6 Rf6 69. Be8+ Kh6 70. Nf7+ Kh7 71. fxe4 dxe4 72. Ng5+ Kh6 73. Nxe4 Rf5 74. Bd7 Rf7 75. Rh4+ Kg7 76. Bxh3 Nxh3+ 77. Rxh3 Rf4 78. Nd6 Rxf2 79. Rd3 Bb6 80. Kh1 Kf8 81. Nc4 Bc7 82. Kg1 Rf5 83. Rd7 Rf7 84. Rd5 Rf3 85. Rc5 Bd8 86. Rb5 Ke7 87. Kg2 Rc3 88. Rb7+ Ke6 89. Kf2 Rh3 90. Rb5 Bc7 91. Ke2 Kd7 92. Kd2 Rh2+ 93. Kd3 Rh3+ 94. Kc2 Rh2+ 95. Kb1 Rh1+ 96. Ka2 Ke6 97. Nxa5 Be5 98. b4 Rh2+ 99. Ka3 Rh3+ 100. Nb3 Kd6 101. a5 1-0

[Event "FIDE Women’s World Rapid Championships 2024"]
[White "Dzagnidze, Nana"]
[Black "Maltsevskaya, Aleksandra"]
[Site "New York, USA"]
[Round "2"]
[Board "24"]
[Result "1/2-1/2"]
[Date "2024.12.26"]
[WhiteElo "2436"]
[BlackElo "2269"]
[PlyCount "74"]
[GameId "2127263830299036"]
[EventDate "2024.12.26"]
[EventType "rapid"]
[EventRounds "11"]
[EventCountry "FID"]

1. d4 Nf6 2. c4 e6 3. Nc3 d5 4. Bg5 Be7 5. e3 O-O 6. Nf3 h6 7. Bh4 b6 8. Be2 Bb7 9. O-O Nbd7 10. Rc1 c5 11. a3 dxc4 12. Bxc4 Ne4 13. Bxe7 Qxe7 14. Qe2 Nxc3 15. Rxc3 Rfd8 16. dxc5 Nxc5 17. Rfc1 Qf6 18. Ne1 Rd6 19. Nd3 Ne4 20. R3c2 Rad8 21. f3 Ng5 22. Ne1 e5 23. e4 Qg6 24. Kh1 Kh8 25. Nd3 Qh5 26. Qf1 Ne6 27. Bxe6 Rxd3 28. Bc8 Bxc8 29. Rxc8 Kh7 30. Rxd8 Rxd8 31. Rd1 Qg5 32. Rxd8 Qxd8 33. Qe2 Qd4 34. Qc2 Qe3 35. h3 h5 36. Qc7 f6 37. Qxa7 Qc1+ 1/2-1/2

[Event "FIDE Women’s World Rapid Championships 2024"]
[White "Padmini, Rout"]
[Black "Lagno, Kateryna"]
[Site "New York, USA"]
[Round "2"]
[Board "25"]
[Result "0-1"]
[Date "2024.12.26"]
[WhiteElo "2267"]
[BlackElo "2433"]
[PlyCount "104"]
[GameId "2127263830299037"]
[EventDate "2024.12.26"]
[EventType "rapid"]
[EventRounds "11"]
[EventCountry "FID"]

1. e4 e5 2. Nf3 Nc6 3. Bc4 Bc5 4. O-O Nf6 5. d3 a6 6. a4 d6 7. c3 Ba7 8. Na3 h6 9. Re1 O-O 10. h3 Re8 11. Be3 Bxe3 12. Rxe3 Be6 13. Bxe6 Rxe6 14. b4 Ne7 15. Qc2 Ng6 16. g3 d5 17. c4 c6 18. exd5 cxd5 19. c5 Qd7 20. Rae1 Rae8 21. Qb3 R6e7 22. Kh2 Qf5 23. Kg2 h5 24. d4 e4 25. Ng1 h4 26. Nc2 Nh5 27. b5 axb5 28. axb5 Nhf4+ 29. Kh2 Nd3 30. Rf1 hxg3+ 31. Rxg3 e3 32. Ne2 Nxf2 33. Nxe3 Qd3 34. Qxd3 Nxd3 35. Rff3 Nh4 36. Ng2 Nxf3+ 37. Rxf3 Ne1 38. Nxe1 Rxe2+ 39. Ng2 Rd2 40. c6 bxc6 41. bxc6 Rc2 42. Kg3 Rxc6 43. Nf4 Rc4 44. Nxd5 Rxd4 45. Nf4 g6 46. h4 Re5 47. Ng2 Kg7 48. Ne3 Ree4 49. h5 f5 50. Ng2 Rg4+ 51. Kh3 Rd1 52. Kh2 Rd2 0-1